[Event "TUR-chT 1st League"]
[Site "Denizli"]
[Date "2023.07.14"]
[Round "8.13"]
[White "Soysal, Serkan"]
[Black "Ataman, Alper Efe"]
[Result "1/2-1/2"]
[WhiteElo "2394"]
[BlackElo "2067"]
[PlyCount "121"]
[EventDate "2023.07.09"]
[EventType "team-swiss"]
[EventRounds "9"]
[EventCountry "TUR"]
[SourceTitle "CBM 215 Extra"]
[Source "ChessBase"]
[SourceDate "2023.09.30"]
[SourceVersion "1"]
[SourceVersionDate "2023.09.30"]
[SourceQuality "1"]
[WhiteTeam "Pamukkale Universiteli"]
[BlackTeam "Bulancak Ihsaniye Genclik"]
[WhiteTeamCountry "TUR"]
[BlackTeamCountry "TUR"]

1. Nf3 Nf6 2. g3 g6 3. Bg2 Bg7 4. 0-0 d5 5. d3 0-0 6. Nbd2 c5 7. e4 Nc6 8. Re1 b6 9. c3 Bb7 10. e5 Ne8 11. Nf1 Nc7 12. h4 Qd7 13. h5 Rad8 14. hxg6 hxg6 15. Bf4 Qg4 16. N1h2 Qh5 17. g4 Qh8 18. Qd2 Ne6 19. Bg3 Qh6 20. g5 Qh5 21. d4 Bc8 22. b4 c4 23. b5 Na5 24. Rab1 Bd7 25. Nh4 Qxg5 26. Qxg5 Nxg5 27. Bxd5 Ne6 28. a4 Nc7 29. Bf3 Be6 30. Bg4 Bxg4 31. Nxg4 Nd5 32. Rbc1 e6 33. Nf3 Nb3 34. Rc2 a6 35. Ng5 axb5 36. axb5 Ra8 37. Ne4 Ra5 38. Nd6 Rfa8 39. Nxc4 Rxb5 40. Nd6 Rba5 41. Rb2 Ra1 42. Rxa1 Rxa1+ 43. Kg2 Nc1 44. c4 Nd3 45. Rb3 N5b4 46. c5 bxc5 47. dxc5 Ra6 48. Ne4 Kf8 49. Rc3 Ke7 50. c6 Rxc6 51. Ra3 Ra6 52. Rc3 Rc6 53. Ra3 Ra6 54. Rb3 Ra2 55. Rb1 Rb2 56. Rd1 Re2 57. Bh4+ Kf8 58. Nc5 Re1 59. Rxd3 Nxd3 60. Nxd3 Re4 61. f3 1/2-1/2

[Event "TUR-chT 1st League"]
[Site "Denizli"]
[Date "2023.07.11"]
[Round "4.13"]
[White "Soysal, Serkan"]
[Black "Ozsakallioglu, Okan"]
[Result "0-1"]
[WhiteElo "2394"]
[BlackElo "2285"]
[PlyCount "67"]
[EventDate "2023.07.09"]
[EventType "team-swiss"]
[EventRounds "9"]
[EventCountry "TUR"]
[SourceTitle "CBM 215 Extra"]
[Source "ChessBase"]
[SourceDate "2023.09.30"]
[SourceVersion "1"]
[SourceVersionDate "2023.09.30"]
[SourceQuality "1"]
[WhiteTeam "Pamukkale Universiteli"]
[BlackTeam "Tarsus Zeka"]
[WhiteTeamCountry "TUR"]
[BlackTeamCountry "TUR"]

1. Nf3 d5 2. g3 c6 3. Bg2 Bg4 4. 0-0 Nf6 5. c4 e6 6. d3 Nbd7 7. cxd5 exd5 8. Nc3 Bc5 9. Qb3 Bb6 10. Na4 0-0 11. Nxb6 axb6 12. Qc2 Re8 13. b3 Qe7 14. Re1 Qc5 15. Qd2 Qd6 16. Bb2 b5 17. Nd4 Nc5 18. h3 Bd7 19. a3 Rad8 20. Qc2 Ne6 21. Nf5 Qc5 22. Qd2 d4 23. g4 Bc8 24. b4 Qf8 25. e3 h5 26. gxh5 dxe3 27. fxe3 Nxh5 28. Rf1 g6 29. Nd4 Nxd4 30. Bxd4 Ng3 31. Rf4 Qh6 32. Bb6 Rd6 33. Kh2 Nh5 34. Re4 0-1

[Event "TUR-chT 1st League"]
[Site "Denizli"]
[Date "2023.07.10"]
[Round "3.13"]
[White "Secer, Ata"]
[Black "Soysal, Serkan"]
[Result "1/2-1/2"]
[WhiteElo "2350"]
[BlackElo "2394"]
[PlyCount "61"]
[EventDate "2023.07.09"]
[EventType "team-swiss"]
[EventRounds "9"]
[EventCountry "TUR"]
[SourceTitle "CBM 215 Extra"]
[Source "ChessBase"]
[SourceDate "2023.09.30"]
[SourceVersion "1"]
[SourceVersionDate "2023.09.30"]
[SourceQuality "1"]
[WhiteTeam "Guzelbahce Altyapi"]
[BlackTeam "Pamukkale Universiteli"]
[WhiteTeamCountry "TUR"]
[BlackTeamCountry "TUR"]

1. e4 Nc6 2. Nf3 d6 3. d4 Nf6 4. Nc3 g6 5. Be2 Bg7 6. 0-0 0-0 7. h3 e5 8. dxe5 Nxe5 9. Nxe5 dxe5 10. Qxd8 Rxd8 11. Bg5 c6 12. Rfd1 Be6 13. a4 a5 14. Kf1 h6 15. Be3 Bf8 16. Rxd8 Rxd8 17. Bb6 Ra8 18. f3 Nd7 19. Be3 h5 20. g4 hxg4 21. hxg4 Bc5 22. Nd1 Kg7 23. Bxc5 Nxc5 24. Ne3 Rh8 25. Kg2 Kf6 26. b3 Rd8 27. Kf2 Kg5 28. Rh1 Kf4 29. Ng2+ Kg5 30. Ne3 Kf4 31. Ng2+ 1/2-1/2

[Event "TUR-chT 1st League"]
[Site "Denizli"]
[Date "2023.07.10"]
[Round "2.13"]
[White "Soysal, Serkan"]
[Black "Blesic, Vaso"]
[Result "1/2-1/2"]
[WhiteElo "2394"]
[BlackElo "2252"]
[PlyCount "60"]
[EventDate "2023.07.09"]
[EventType "team-swiss"]
[EventRounds "9"]
[EventCountry "TUR"]
[SourceTitle "CBM 215 Extra"]
[Source "ChessBase"]
[SourceDate "2023.09.30"]
[SourceVersion "1"]
[SourceVersionDate "2023.09.30"]
[SourceQuality "1"]
[WhiteTeam "Pamukkale Universiteli"]
[BlackTeam "Mavisehir Altyapi"]
[WhiteTeamCountry "TUR"]
[BlackTeamCountry "TUR"]

1. d4 Nf6 2. c4 g6 3. Nc3 d5 4. cxd5 Nxd5 5. e4 Nxc3 6. bxc3 Bg7 7. Qa4+ Qd7 8. Qa3 0-0 9. Nf3 b6 10. Be3 Bb7 11. Bd3 c5 12. Rd1 cxd4 13. cxd4 Nc6 14. d5 Ne5 15. Nxe5 Bxe5 16. 0-0 Rfc8 17. Rc1 Qd6 18. Rxc8+ Bxc8 19. Qxd6 Bxd6 20. f4 Bb7 21. Rc1 f5 22. e5 Ba3 23. Rc3 Bb4 24. Rc4 a5 25. d6 exd6 26. Rc7 Ba6 27. Bxa6 Rxa6 28. exd6 Bxd6 29. Rc6 Bb4 30. Kf2 Ra7 1/2-1/2

[Event "Almaty Academy GM 12"]
[Site "Almaty"]
[Date "2022.12.11"]
[Round "6"]
[White "Soysal, Serkan"]
[Black "Sturua, Zurab"]
[Result "0-1"]
[WhiteElo "2404"]
[BlackElo "2528"]
[PlyCount "44"]
[EventDate "2022.12.07"]
[EventType "tourn"]
[EventRounds "9"]
[EventCountry "KAZ"]
[EventCategory "8"]
[SourceTitle "CBM 211 Extra"]
[Source "ChessBase"]
[SourceDate "2023.01.31"]
[SourceVersion "1"]
[SourceVersionDate "2023.01.31"]
[SourceQuality "1"]

1. Nf3 Nf6 2. d4 e6 3. c4 d5 4. g3 Be7 5. Bg2 0-0 6. 0-0 dxc4 7. Ne5 Nc6 8. Nxc6 bxc6 9. Qa4 Qxd4 10. Rd1 Qb6 11. Be3 Qxb2 12. Bd4 Qxe2 13. Bxc6 e5 14. Be3 Qh5 15. Bxa8 Bg4 16. Qxa7 Bxd1 17. Nc3 Bf3 18. Bxf3 Qxf3 19. Qxc7 Ng4 20. Qxc4 Nxe3 21. fxe3 Bg5 22. Nd5 Rd8 0-1

[Event "Almaty Academy GM 12"]
[Site "Almaty"]
[Date "2022.12.09"]
[Round "4"]
[White "Soysal, Serkan"]
[Black "Shyam, Sundar M"]
[Result "0-1"]
[WhiteElo "2404"]
[BlackElo "2526"]
[PlyCount "67"]
[EventDate "2022.12.07"]
[EventType "tourn"]
[EventRounds "9"]
[EventCountry "KAZ"]
[EventCategory "8"]
[SourceTitle "CBM 211 Extra"]
[Source "ChessBase"]
[SourceDate "2023.01.31"]
[SourceVersion "1"]
[SourceVersionDate "2023.01.31"]
[SourceQuality "1"]

1. d4 Nf6 2. c4 g6 3. Nc3 Bg7 4. e4 d6 5. h3 0-0 6. Be3 Nbd7 7. g4 a6 8. Bg2 e5 9. d5 b5 10. cxb5 axb5 11. a3 Nb6 12. b3 Bd7 13. Nge2 h5 14. f3 c6 15. dxc6 Bxc6 16. Rc1 d5 17. g5 Nh7 18. exd5 Nxd5 19. Nxd5 Bxd5 20. 0-0 Be6 21. Nc3 Qxd1 22. Rfxd1 Bxb3 23. Rd7 Bc4 24. Bf1 Bxf1 25. Kxf1 Rfb8 26. Nd5 Nf8 27. Re7 Rxa3 28. Rcc7 Ne6 29. Rcd7 b4 30. Rxf7 b3 31. Rb7 Raa8 32. Ba7 Rxb7 33. Rxb7 b2 34. Ke1 0-1

[Event "Almaty Academy GM 12"]
[Site "Almaty"]
[Date "2022.12.08"]
[Round "2"]
[White "Askarov, Bakhtiyar"]
[Black "Soysal, Serkan"]
[Result "1/2-1/2"]
[WhiteElo "2345"]
[BlackElo "2404"]
[PlyCount "140"]
[EventDate "2022.12.07"]
[EventType "tourn"]
[EventRounds "9"]
[EventCountry "KAZ"]
[EventCategory "8"]
[SourceTitle "CBM 211 Extra"]
[Source "ChessBase"]
[SourceDate "2023.01.31"]
[SourceVersion "1"]
[SourceVersionDate "2023.01.31"]
[SourceQuality "1"]

1. d4 d5 2. Nf3 Bf5 3. c4 e6 4. cxd5 exd5 5. Qb3 Nc6 6. Bg5 Be7 7. Bxe7 Ngxe7 8. e3 0-0 9. Be2 Qd6 10. 0-0 a6 11. Nbd2 b6 12. Rac1 Rfc8 13. Rc3 Na5 14. Qa3 Qxa3 15. Rxa3 Bd7 16. b4 Nac6 17. Rb3 Nd8 18. Rc1 Bb5 19. Kf1 f6 20. Rbc3 c6 21. Nb3 Nb7 22. Nfd2 Kf7 23. f3 h5 24. e4 h4 25. Kf2 Rd8 26. R3c2 g5 27. exd5 Nxd5 28. Bxb5 axb5 29. Rxc6 Rd7 30. Ne4 Rxa2+ 31. R1c2 Rxc2+ 32. Rxc2 Nxb4 33. Rc8 Nd5 34. Rb8 Nd8 35. g3 hxg3+ 36. hxg3 Ne6 37. g4 Ke7 38. Ng3 Rc7 39. Nf5+ Kd7 40. Nd2 b4 41. Ne3 Nef4 42. Nec4 Kc6 43. Ke1 Ne6 44. Nb3 Kb5 45. Ncd2 Rh7 46. Kd1 Nef4 47. Re8 Nc3+ 48. Kc2 Rc7 49. Kb2 Nd3+ 50. Kc2 Nf4 51. Kb2 Ra7 52. Nc1 Na4+ 53. Kb1 Nd5 54. Re6 Rc7 55. Ncb3 Nac3+ 56. Kb2 Nf4 57. Re8 Nfe2 58. Re6 Ra7 59. Nc1 Nxd4 60. Rxf6 Nd1+ 61. Kb1 Nc3+ 62. Kb2 Rh7 63. Ncb3 Na4+ 64. Ka2 Nc3+ 65. Kb2 Na4+ 66. Ka2 Nxb3 67. Kxb3 Rh2 68. Rd6 Nc5+ 69. Kc2 Rf2 70. Rd8 Rh2 1/2-1/2

[Event "Almaty Academy GM 12"]
[Site "Almaty"]
[Date "2022.12.08"]
[Round "3"]
[White "Soysal, Serkan"]
[Black "Hayrapetyan, Artavazd R"]
[Result "1/2-1/2"]
[WhiteElo "2404"]
[BlackElo "2362"]
[PlyCount "29"]
[EventDate "2022.12.07"]
[EventType "tourn"]
[EventRounds "9"]
[EventCountry "KAZ"]
[EventCategory "8"]
[SourceTitle "CBM 211 Extra"]
[Source "ChessBase"]
[SourceDate "2023.01.31"]
[SourceVersion "1"]
[SourceVersionDate "2023.01.31"]
[SourceQuality "1"]

1. Nf3 Nf6 2. g3 d5 3. Bg2 c6 4. 0-0 Bf5 5. c4 e6 6. cxd5 cxd5 7. Qb3 Qb6 8. Qxb6 axb6 9. d3 Nc6 10. Nc3 Bc5 11. Nh4 Bg4 12. h3 Bh5 13. g4 Bg6 14. Bd2 0-0 15. Rfc1 1/2-1/2

[Event "Almaty Academy GM 12"]
[Site "Almaty"]
[Date "2022.12.07"]
[Round "1"]
[White "Soysal, Serkan"]
[Black "Kurmangaliyeva, Liya"]
[Result "1/2-1/2"]
[WhiteElo "2404"]
[BlackElo "2287"]
[PlyCount "109"]
[EventDate "2022.12.07"]
[EventType "tourn"]
[EventRounds "9"]
[EventCountry "KAZ"]
[EventCategory "8"]
[SourceTitle "CBM 211 Extra"]
[Source "ChessBase"]
[SourceDate "2023.01.31"]
[SourceVersion "1"]
[SourceVersionDate "2023.01.31"]
[SourceQuality "1"]

1. Nf3 d5 2. g3 Nc6 3. d4 Bf5 4. Bg2 Nb4 5. Na3 e6 6. 0-0 Be7 7. Ne5 Nc6 8. c4 Nxe5 9. dxe5 c6 10. cxd5 exd5 11. Nc2 Qd7 12. Nd4 Bh3 13. Bxh3 Qxh3 14. Qb3 Qd7 15. e4 Bc5 16. Nf5 0-0-0 17. Be3 Bxe3 18. fxe3 f6 19. Nd6+ Kb8 20. exd5 Nh6 21. dxc6 Qxc6 22. Rac1 Qb6 23. Qc3 Ng4 24. Nc4 Qc7 25. exf6 Nxf6 26. a4 Rhe8 27. a5 Re6 28. Qc2 Qe7 29. Qf2 Nd5 30. Rfd1 Rf8 31. Qd2 Nxe3 32. Nxe3 Rxe3 33. a6 Re2 34. Qd4 bxa6 35. Rf1 Rd8 36. Qf4+ Qe5 37. Qxe5+ Rxe5 38. Rf7 Rg5 39. Re1 h5 40. Ree7 Rb5 41. Rxa7 Rxb2 42. Rxa6 Rd1+ 43. Rf1 Rdd2 44. Rf8+ Kb7 45. Rg6 Rg2+ 46. Kf1 Rxh2 47. Rxg7+ Kc6 48. Rf6+ Kd5 49. Rg5+ Ke4 50. Rf4+ Ke3 51. Re5+ Kd3 52. Rd5+ Ke3 53. Re5+ Kd3 54. Rd5+ Ke3 55. Re5+ 1/2-1/2

[Event "TUR-chT"]
[Site "Ankara"]
[Date "2022.08.26"]
[Round "12.3"]
[White "Korkmaz, Necmettin"]
[Black "Soysal, Serkan"]
[Result "0-1"]
[WhiteElo "2079"]
[BlackElo "2389"]
[PlyCount "73"]
[EventDate "2022.08.16"]
[EventType "team-tourn"]
[EventRounds "13"]
[EventCountry "TUR"]
[SourceTitle "CBM 209 Extra"]
[Source "ChessBase"]
[SourceDate "2022.09.30"]
[SourceVersion "1"]
[SourceVersionDate "2022.09.30"]
[SourceQuality "1"]
[WhiteTeam "Bursa Buyuksehir"]
[BlackTeam "Hatay Buyuksehir"]
[WhiteTeamCountry "TUR"]
[BlackTeamCountry "TUN"]

1. e4 e6 2. d4 d5 3. Nd2 a6 4. Ngf3 c5 5. exd5 exd5 6. dxc5 Bxc5 7. Be2 Nf6 8. 0-0 0-0 9. Nb3 Bb6 10. Bg5 h6 11. Bh4 Nc6 12. c3 g5 13. Bg3 Ne4 14. Nfd4 f5 15. Nxc6 bxc6 16. Be5 Qe7 17. Bd4 c5 18. Be3 Bb7 19. Qc2 f4 20. Bd2 a5 21. a4 c4 22. Nd4 Qf6 23. Rad1 Rae8 24. Be1 Nc5 25. Bf3 Nd3 26. b3 Ne5 27. Bh5 Rd8 28. f3 Ba6 29. Rf2 Nd3 30. Re2 cxb3 31. Qxb3 Nc5 32. Qc2 Bxe2 33. Qxe2 Ne6 34. Bf2 Ng7 35. Bg4 h5 36. Bh3 Qg6 37. Rb1 0-1

[Event "TUR-chT"]
[Site "Ankara"]
[Date "2022.08.18"]
[Round "3.1"]
[White "Can, Emre"]
[Black "Soysal, Serkan"]
[Result "0-1"]
[WhiteElo "2593"]
[BlackElo "2389"]
[PlyCount "76"]
[EventDate "2022.08.16"]
[EventType "team-tourn"]
[EventRounds "13"]
[EventCountry "TUR"]
[SourceTitle "CBM 209 Extra"]
[Source "ChessBase"]
[SourceDate "2022.09.30"]
[SourceVersion "1"]
[SourceVersionDate "2022.09.30"]
[SourceQuality "1"]
[WhiteTeam "Gokturk"]
[BlackTeam "Hatay Buyuksehir"]
[WhiteTeamCountry "TUR"]
[BlackTeamCountry "TUN"]

1. d4 e6 2. c4 b6 3. Nc3 Bb7 4. a3 f5 5. d5 Be7 6. g3 Bf6 7. Bd2 Ne7 8. Bg2 0-0 9. Nh3 Nc8 10. 0-0 Nd6 11. b3 c6 12. Rc1 cxd5 13. cxd5 Na6 14. b4 Rc8 15. dxe6 Bxg2 16. e7 Qxe7 17. Kxg2 Nc4 18. Nf4 Nc7 19. Qc2 Qf7 20. Qd3 Bg5 21. a4 d5 22. b5 Rfd8 23. Na2 a5 24. bxa6 Nxa6 25. Ne6 Qxe6 26. Bxg5 Nc5 27. Qd1 Rd7 28. Rb1 d4 29. Kg1 h6 30. Bc1 d3 31. exd3 Rxd3 32. Qh5 Ne5 33. Nb4 Nf3+ 34. Kg2 Qe4 35. Kh3 Rd6 36. Be3 Ne6 37. g4 Nfg5+ 38. Kh4 Qf3 0-1

[Event "Titled Tuesday intern op 19th Apr Late"]
[Site "Chess.com INT"]
[Date "2022.04.19"]
[Round "6"]
[White "Aldokhin, Ivan"]
[Black "Soysal, Serkan"]
[Result "1-0"]
[WhiteElo "2413"]
[BlackElo "2389"]
[PlyCount "49"]
[EventDate "2022.04.19"]
[EventType "swiss (blitz)"]
[EventRounds "11"]
[EventCountry "USA"]
[SourceTitle "EXT 2023"]
[Source "ChessBase"]
[SourceDate "2022.10.05"]
[SourceVersion "1"]
[SourceVersionDate "2022.10.05"]
[SourceQuality "1"]

1. e4 e6 2. d4 d5 3. Nd2 Be7 4. Ngf3 Nf6 5. Bd3 c5 6. dxc5 0-0 7. 0-0 a5 8. Qe2 Na6 9. e5 Nd7 10. c3 Naxc5 11. Bc2 b6 12. Rd1 Ba6 13. Qe3 a4 14. Nd4 Bg5 15. f4 Bh6 16. N2f3 f6 17. exf6 Qxf6 18. b4 axb3 19. axb3 Bxf4 20. Qxf4 Qxf4 21. Bxf4 Rxf4 22. b4 Ne4 23. Nxe6 Rxf3 24. gxf3 Nxc3 25. Nc7 1-0

[Event "Titled Tuesday intern op 19th Apr Late"]
[Site "Chess.com INT"]
[Date "2022.04.19"]
[Round "4"]
[White "Ostrovskiy, Aleksandr A"]
[Black "Soysal, Serkan"]
[Result "0-1"]
[WhiteElo "2404"]
[BlackElo "2389"]
[PlyCount "69"]
[EventDate "2022.04.19"]
[EventType "swiss (blitz)"]
[EventRounds "11"]
[EventCountry "USA"]
[SourceTitle "EXT 2023"]
[Source "ChessBase"]
[SourceDate "2022.10.05"]
[SourceVersion "1"]
[SourceVersionDate "2022.10.05"]
[SourceQuality "1"]

1. d4 d5 2. Bf4 Nf6 3. e3 e6 4. Nd2 Bd6 5. Bg3 b6 6. Ngf3 Bb7 7. Bd3 0-0 8. Ne5 Ne4 9. Bxe4 dxe4 10. h4 f6 11. Nec4 Bxg3 12. fxg3 Nd7 13. Qg4 f5 14. Qf4 Nf6 15. Ne5 Qe7 16. 0-0-0 Rac8 17. h5 Nd5 18. Qf2 c5 19. dxc5 Rxc5 20. Nb3 Rc7 21. h6 Rfc8 22. Nd4 Qf6 23. Nd3 exd3 24. Rxd3 Nb4 25. Rd2 e5 26. a3 Nd3+ 27. Rxd3 exd4 28. Rd2 Be4 29. Kb1 Rxc2 30. Rxc2 Rxc2 31. Qxc2 Bxc2+ 32. Kxc2 dxe3 33. hxg7 Qd4 34. Rd1 Qc4+ 35. Kb1 0-1

[Event "Titled Tuesday intern op 12th Apr Late"]
[Site "Chess.com INT"]
[Date "2022.04.12"]
[Round "3"]
[White "Foisor, Sabina Francesca"]
[Black "Soysal, Serkan"]
[Result "1/2-1/2"]
[WhiteElo "2208"]
[BlackElo "2389"]
[PlyCount "103"]
[EventDate "2022.04.12"]
[EventType "swiss (blitz)"]
[EventRounds "11"]
[EventCountry "USA"]
[SourceTitle "CBM 207 Extra"]
[Source "ChessBase"]
[SourceDate "2022.05.31"]
[SourceVersion "1"]
[SourceVersionDate "2022.05.31"]
[SourceQuality "1"]

1. d4 Nf6 2. c4 g6 3. Nc3 d5 4. Nf3 Bg7 5. e3 0-0 6. b4 a5 7. b5 c5 8. bxc6 Nxc6 9. Ba3 Nb4 10. Be2 Bf5 11. Rc1 Ne4 12. 0-0 Nxc3 13. Rxc3 Nxa2 14. Rb3 dxc4 15. Bxc4 Rc8 16. Qe2 Qc7 17. Nd2 a4 18. Rb2 Nc3 19. Qf3 b5 20. e4 Bxd4 21. Bxf7+ Rxf7 22. exf5 Rxf5 23. Qd3 Qb6 24. Nf3 e5 25. Qd2 Ne4 26. Qe2 Bxb2 27. Bxb2 Nd6 28. Nxe5 Re8 29. Qd3 Nc4 30. Nxc4 bxc4 31. Qxc4+ Qe6 32. Qc3 Re5 33. Qxe5 Qxe5 34. Bxe5 Rxe5 35. g3 a3 36. Ra1 Ra5 37. Ra2 Kf7 38. Kf1 Ke6 39. Ke2 Kd5 40. Kd3 g5 41. Kc3 Ke4 42. f4 gxf4 43. gxf4 Kxf4 44. Kb3 Kg4 45. Kc3 Kh3 46. Kd3 h5 47. Ke3 h4 48. Kf3 Rf5+ 49. Ke4 Ra5 50. Kf3 Ra8 51. Kf4 Ra5 52. Kf3 1/2-1/2

[Event "Titled Tuesday intern op 12th Apr Late"]
[Site "Chess.com INT"]
[Date "2022.04.12"]
[Round "6"]
[White "Melikhov, Evgeny V"]
[Black "Soysal, Serkan"]
[Result "0-1"]
[WhiteElo "2292"]
[BlackElo "2389"]
[PlyCount "66"]
[EventDate "2022.04.12"]
[EventType "swiss (blitz)"]
[EventRounds "11"]
[EventCountry "USA"]
[SourceTitle "CBM 207 Extra"]
[Source "ChessBase"]
[SourceDate "2022.05.31"]
[SourceVersion "1"]
[SourceVersionDate "2022.05.31"]
[SourceQuality "1"]

1. d4 d5 2. c4 c6 3. Nc3 Nf6 4. e3 e6 5. Nf3 Nbd7 6. Bd3 dxc4 7. Bxc4 b5 8. Bd3 Bb7 9. 0-0 Bd6 10. e4 e5 11. Bg5 h6 12. Bh4 0-0 13. d5 b4 14. dxc6 Bxc6 15. Nd5 Bxd5 16. exd5 Qb6 17. Bxf6 Nxf6 18. Re1 Rfe8 19. Rc1 e4 20. Rc6 Qd8 21. Nd4 exd3 22. Rxe8+ Nxe8 23. Qxd3 Be5 24. Nf5 Qg5 25. g3 g6 26. d6 Qxf5 27. Qxf5 gxf5 28. d7 Nc7 29. f4 Bd4+ 30. Kg2 Bb6 31. Rxh6 Rd8 32. Rd6 Kf8 33. h4 Ke7 0-1

[Event "Titled Tuesday intern op 12th Apr Late"]
[Site "Chess.com INT"]
[Date "2022.04.12"]
[Round "11"]
[White "Olcayoz, Alper"]
[Black "Soysal, Serkan"]
[Result "0-1"]
[WhiteElo "2244"]
[BlackElo "2389"]
[PlyCount "176"]
[EventDate "2022.04.12"]
[EventType "swiss (blitz)"]
[EventRounds "11"]
[EventCountry "USA"]
[SourceTitle "CBM 207 Extra"]
[Source "ChessBase"]
[SourceDate "2022.05.31"]
[SourceVersion "1"]
[SourceVersionDate "2022.05.31"]
[SourceQuality "1"]

1. e4 e6 2. d4 d5 3. Nc3 Bb4 4. Nge2 Nf6 5. e5 Nfd7 6. a3 Be7 7. Nf4 c5 8. Qg4 cxd4 9. Qxg7 Rf8 10. Nb5 Nc6 11. Nd6+ Bxd6 12. exd6 Qa5+ 13. Bd2 Qc5 14. Bd3 Qxd6 15. 0-0 Nde5 16. Nh5 Nxd3 17. cxd3 Bd7 18. Bg5 f6 19. Nxf6+ Rxf6 20. Bxf6 Qf8 21. Bxd4 Qxg7 22. Bxg7 Kf7 23. Bc3 Rg8 24. d4 e5 25. Rad1 e4 26. Rfe1 Bh3 27. g3 Ne7 28. Re3 Nf5 29. Rde1 Nxe3 30. Rxe3 Bg4 31. h3 Bf3 32. Kh2 h5 33. Bb4 b6 34. Rc3 a5 35. Rc7+ Ke6 36. Bd2 h4 37. Bf4 hxg3+ 38. Bxg3 Kf5 39. Rf7+ Ke6 40. Rb7 Rc8 41. Rxb6+ Kf7 42. Rb7+ Kg6 43. Rc7 Ra8 44. h4 Kf5 45. h5 Rh8 46. Bh4 Rxh5 47. Kg3 Rh8 48. Rg7 Rc8 49. Rg5+ Ke6 50. Rg6+ Kf7 51. Rd6 Rc1 52. Rxd5 Rg1+ 53. Kf4 Rg4+ 54. Kf5 Rxh4 55. Rd7+ Ke8 56. Ra7 Rh2 57. Ke6 Kd8 58. d5 Rh6+ 59. Ke5 Rh5+ 60. Ke6 Rh6+ 61. Ke5 Rb6 62. b4 axb4 63. axb4 Rxb4 64. d6 e3 65. fxe3 Re4+ 66. Kf6 Rxe3 67. Re7 Rd3 68. Ke5 Bc6 69. Rc7 Bd7 70. Ra7 Re3+ 71. Kd5 Rh3 72. Ra8+ Bc8 73. d7 Kxd7 74. Ra7+ Kd8 75. Rg7 Rh5+ 76. Kd6 Rh6+ 77. Kd5 Bd7 78. Rg8+ Kc7 79. Rg5 Rd6+ 80. Ke5 Ra6 81. Kf4 Ra4+ 82. Kf3 Kd6 83. Rg6+ Be6 84. Rf6 Ke5 85. Rf4 Rxf4+ 86. Ke3 Ra4 87. Kd3 Ra3+ 88. Kc2 Kd4 0-1

[Event "Titled Tuesday intern op 05th Apr Late"]
[Site "Chess.com INT"]
[Date "2022.04.05"]
[Round "5"]
[White "Soysal, Serkan"]
[Black "Foisor, Sabina Francesca"]
[Result "1-0"]
[WhiteElo "2389"]
[BlackElo "2208"]
[PlyCount "53"]
[EventDate "2022.04.05"]
[EventType "swiss (blitz)"]
[EventRounds "11"]
[EventCountry "USA"]
[SourceTitle "CBM 207 Extra"]
[Source "ChessBase"]
[SourceDate "2022.05.31"]
[SourceVersion "1"]
[SourceVersionDate "2022.05.31"]
[SourceQuality "1"]

1. d4 d5 2. c4 e6 3. Nf3 Nf6 4. g3 Be7 5. Bg2 0-0 6. Qc2 c6 7. 0-0 b6 8. b3 Bb7 9. Bb2 Na6 10. Nc3 Rc8 11. e4 c5 12. exd5 exd5 13. dxc5 dxc4 14. Rfd1 Qe8 15. bxc4 Nxc5 16. Qf5 Ne6 17. Nd5 Rxc4 18. Nxf6+ Bxf6 19. Bxf6 gxf6 20. Qxf6 Bxf3 21. Bxf3 Rc5 22. h4 Ng7 23. Bd5 Qe2 24. Bb3 Qh5 25. Rd7 Qg6 26. Qe7 a5 27. Rd8 1-0

[Event "Titled Tuesday intern op 05th Apr Late"]
[Site "Chess.com INT"]
[Date "2022.04.05"]
[Round "11"]
[White "Soysal, Serkan"]
[Black "Rytenko, Vsevolod"]
[Result "1-0"]
[WhiteElo "2389"]
[BlackElo "2362"]
[PlyCount "123"]
[EventDate "2022.04.05"]
[EventType "swiss (blitz)"]
[EventRounds "11"]
[EventCountry "USA"]
[SourceTitle "CBM 207 Extra"]
[Source "ChessBase"]
[SourceDate "2022.05.31"]
[SourceVersion "1"]
[SourceVersionDate "2022.05.31"]
[SourceQuality "1"]

1. d4 Nf6 2. c4 g6 3. f3 Bg7 4. e4 0-0 5. Be3 d6 6. Ne2 c6 7. Qd2 a6 8. c5 Nbd7 9. Nbc3 b6 10. cxd6 exd6 11. Ng3 b5 12. Be2 Nb6 13. 0-0 b4 14. Nd1 a5 15. Rc1 Bb7 16. Nf2 d5 17. e5 Ne8 18. b3 f6 19. f4 f5 20. Nd3 Nc7 21. Nc5 Bc8 22. Ra1 Nd7 23. Nxd7 Qxd7 24. a3 Rb8 25. axb4 axb4 26. Ra7 Qd8 27. Rc1 Bb7 28. Qxb4 Ba6 29. Qa5 Bxe2 30. Nxe2 Nb5 31. Qxd8 Rfxd8 32. Ra6 Nc7 33. Raxc6 Rxb3 34. Rxc7 Rxe3 35. Kf2 Rb3 36. Rc8 Rb8 37. Rxb8 Rxb8 38. Rc5 Rd8 39. Nc3 Bf8 40. Rxd5 Rc8 41. Ne2 Rc2 42. Rd7 Bb4 43. Rb7 Bc3 44. Ke3 Ba5 45. e6 Kf8 46. Rxh7 Ra2 47. Rf7+ Ke8 48. Rb7 Be1 49. d5 Ra3+ 50. Kd4 Bf2+ 51. Kc4 Re3 52. Nc3 Be1 53. Nb5 Re4+ 54. Kd3 Bb4 55. g3 Bc5 56. d6 Rxe6 57. Nc7+ Kd7 58. Nxe6+ Kxe6 59. Rg7 Kf6 60. d7 Bb6 61. Rg8 Ke7 62. Rxg6 1-0

[Event "Online Olym Div Top-D"]
[Site "Chess.com INT"]
[Date "2021.09.10"]
[Round "9.5"]
[White "Soysal, Serkan"]
[Black "McShane, Luke J"]
[Result "1/2-1/2"]
[WhiteElo "2389"]
[BlackElo "2674"]
[PlyCount "124"]
[EventDate "2021.09.08"]
[EventType "team (rapid)"]
[EventRounds "9"]
[EventCountry "USA"]
[SourceTitle "CBM 204 Extra"]
[Source "ChessBase"]
[SourceDate "2021.11.30"]
[SourceVersion "1"]
[SourceVersionDate "2021.11.30"]
[SourceQuality "1"]
[WhiteTeam "Turkey"]
[BlackTeam "England"]
[WhiteTeamCountry "TUR"]
[BlackTeamCountry "ENG"]

1. Nf3 d5 2. g3 Nd7 3. c4 dxc4 4. Bg2 e6 5. Qa4 a6 6. Qxc4 b5 7. Qc2 Bb7 8. 0-0 c5 9. b3 Ngf6 10. Bb2 Be7 11. d3 0-0 12. e4 Nb8 13. Ne5 Nfd7 14. Nf3 Nc6 15. Nc3 Bf6 16. Rfd1 Nde5 17. Nxe5 Bxe5 18. Ne2 Nd4 19. Nxd4 Bxd4 20. Rac1 Rc8 21. Bxd4 Qxd4 22. Qc3 Rfd8 23. Qxd4 cxd4 24. b4 Rc3 25. Rxc3 dxc3 26. Kf1 a5 27. a3 axb4 28. axb4 Rd4 29. Rc1 Rxd3 30. Ke2 Rd4 31. Rxc3 f5 32. Rd3 Rxd3 33. Kxd3 e5 34. f4 Kf7 35. fxe5 g5 36. Kd4 f4 37. gxf4 gxf4 38. Bf3 Ke7 39. Bg4 Bc6 40. Bf5 h6 41. Kd3 Be8 42. h3 Bh5 43. Kd4 Be2 44. Kc3 Bd1 45. Kd2 Bf3 46. Ke1 h5 47. Kf2 Bd1 48. h4 Kd8 49. Bh3 Ke7 50. Bc8 Kf7 51. Bd7 Ke7 52. Bxb5 Ke6 53. Be2 Bc2 54. b5 Bxe4 55. b6 Bb7 56. Bf3 Ba6 57. Be2 Bb7 58. Bf3 Ba6 59. b7 Bxb7 60. Bxb7 Kxe5 61. Kf3 Kf6 62. Kxf4 Kg7 1/2-1/2